Mi primer diccionario / (Record no. 10958)

000 -CABECERA
fixed length control field 00703nam a22002057a 4500
003 - IDENTIFICADOR DEL NÚMERO DE CONTROL
control field AR-CdUCM
008 - DATOS DE LONGITUD FIJA--INFORMACIÓN GENERAL
fixed length control field 190402b ||||| |||| 00| 0 spa d
020 ## - NÚMERO INTERNACIONAL ESTÁNDAR DEL LIBRO
ISBN 84-499-41-73-3
040 ## - FUENTE DE LA CATALOGACIÓN
Agencia/entidad que catalogó originalmente la obra MUNICIPALIDAD PROVINCIAL DEL CUSCO
Entidad que transcribió la catalogación BIBLIOTECA MUNICIPAL DEL CUSCO
082 ## - NÚMERO DE LA CLASIFICACIÓN DECIMAL DEWEY
No. de Clasificación EP / 463 /
Notacion interna M61
245 ## - MENCIÓN DE TÍTULO
Título Mi primer diccionario /
260 ## - PUBLICACIÓN, DISTRIBUCIÓN, ETC.
Lugar de publicación, distribución, etc. Buenos Aires :
Nombre de la editorial, distribuidor, etc. Studium,
Fecha de publicación, distribución, etc. 1980.
300 ## - DESCRIPCIÓN FÍSICA
Otros detalles físicos ilustraciones, graficos, dibujos,
Dimensiones 29 cm.
Nº de Páginas Extensión 3 tomos ;
505 ## - NOTA DE CONTENIDO CON FORMATO
Nota de contenido formateada Contenido : t.3 : T-Z / -- t.2: H-S -- t.1: A-G
650 ## - PUNTO DE ACCESO ADICIONAL DE MATERIA--TÉRMINO DE MATERIA
Descriptor Educación primaria
9 (RLIN) 1561
650 ## - PUNTO DE ACCESO ADICIONAL DE MATERIA--TÉRMINO DE MATERIA
Descriptor Enciclopedias y diccionarios para niños
9 (RLIN) 28043
942 ## - ELEMENTOS DE PUNTO DE ACCESO ADICIONAL (KOHA)
Fuente de clasificación
Tipo de item Libros-BMC
945 ## - PROCESAMIENTO DE INFORMACIÓN LOCAL (OCLC)
Catalogador rjall
AAAA-MM-DD - Fecha de ingreso o modificacion 2019-04-04
Holdings
Estado de retiro (separado) Fuente de clasificación o esquema de estanterías Estado dañado Ubicación Sala donde se ubica Nombre de la colección Fecha de adquisición o compra Costo, precio normal en soles Signatura topográfica Código de Barras Última vez visto (Koha) Tipo de ítem (Koha)
No     Sala de Infantes Sala de Infantes Book Cart 2019-04-02 30.00 EP / 463 / M61 / t.3 SI00000761 2019-04-02 Libros-BMC
No     Sala de Infantes Sala de Infantes Children's Area 2019-04-04 30.00 EP / 463 / M61 / t.1 SI00001195 2019-04-04 Libros-BMC
No     Sala de Infantes Sala de Infantes Children's Area 2019-04-04 30.00 EP / 463 / M61 / t.2 SI00001196 2019-04-04 Libros-BMC

Powered by Koha